Sports Quiz

Random Sports or Baseball Quiz

Toronto Blue Jays 2019 Name Matching Quiz Stats

 Plays Quiz not verified by Sporcle

Score 0/31 Timer 03:00
0 Plays Today
% Correct
Clay or Clayton
91.5%
Freddy
90.7%
Randal
90.5%
Justin
90.2%
Kevin
88%
Marcus
88%
Brandon
87%
Teoscar
83.7%
Aaron
83%
Lourdes
82.5%
Matt
82.5%
Ken
81.2%
Dalton
77.4%
Joe
73.2%
Danny
72.2%
Rowdy
71.4%
% Correct
Billy
70.7%
Clay or Clayton
70.7%
Ryan
69.4%
Luke
67.7%
Javy
65.9%
Ryan
60.4%
David
58.9%
Sam
57.9%
Trent
55.6%
Richard
53.6%
Danny
52.4%
Elvis
49.9%
Tim
48.1%
Thomas
46.1%
Jonathan
43.9%

You're not logged in!

Compare scores with friends on all Sporcle quizzes.
OR
Log In

Show Comments

Extras

Top Quizzes Today


Score Distribution

Your Account Isn't Verified!

In order to create a playlist on Sporcle, you need to verify the email address you used during registration. Go to your Sporcle Settings to finish the process.

Report this User

Report this user for behavior that violates our Community Guidelines.

Details: